[Event "5th Pontevedra Open 2017"]
[Site "Pontevedra"]
[Date "2017.08.12"]
[Round "7"]
[White "Espineira Gonzalez, Diego"]
[Black "Petkov, Vladimir"]
[Result "1-0"]
[WhiteElo "2368"]
[BlackElo "2498"]
[Annotator "TA"]
[PlyCount "71"]
[EventDate "2017.??.??"]
[EventCountry "ESP"]
[SourceTitle "playchess.com"]
[Source "ChessBase"]
[SourceQuality "1"]

{[%evp 27,71,37,29,53,55,62,60,27,29,30,33,2,31,0,40,10,18,31,31,-39,-31,-43,-44,-44,-59,-27,-6,-17,-4,-3,8,-85,-31,-29,-26,-126,-129,-159,-91,-80,-51,-85,1206,1114,29995,700]} 1. e4 c5 2. Nf3 d6 3. d4 cxd4 4. Nxd4 Nf6 5. Nc3 a6 6. f3 e5 7. Nb3 Be6 8. Be3 Nbd7 9. Qd2 h5 10. Nd5 {B90: Sicilian Najdorf: Unusual White 6th moves, 6 Be3 Ng4 and 6 Be3 e5} Bxd5 11. exd5 g6 12. Be2 (12. O-O-O Nb6 13. Qa5 Bh6 14. Bxh6 Rxh6 15. Qd2 Rh8 16. f4 exf4 17. Qxf4 {½-½ (57) Ponomariov,R (2699)-Wang,H (2698) Danzhou 2017}) 12... Bg7 13. O-O O-O 14. Na5 Qc7 {LiveBook: 21 Games} 15. c4 b6 16. Nc6 Nb8 17. Nxb8 (17. Nb4 {seems wilder.} Nbd7 18. Rac1 a5 19. Nc2 Nc5 20. Na3) 17... Raxb8 18. Rac1 $146 a5 19. a3 Nd7 20. Bd1 f5 (20... e4 $5) 21. b4 axb4 22. axb4 Ra8 23. c5 (23. Bb3 $14) 23... bxc5 $15 24. bxc5 Nxc5 25. Bxc5 dxc5 26. d6 Qa7 27. Qd5+ Kh7 28. Be2 $1 Rfd8 (28... c4+ $5 29. Kh1 Rfd8 $11) 29. Rb1 (29. Rfd1 $11 {remains equal.}) 29... Rab8 (29... c4+ $1 $17 30. Kh1 Qd4 31. Bxc4 Qxd5 32. Bxd5 Ra6) 30. Bc4 Rb4 31. Ra1 (31. Kh1 $11) 31... Qb7 $17 32. Qe6 {[#]} e4 (32... Rb6 $142 $1 33. Rad1 Qd7 34. Qxd7 Rxd7) 33. Ra6 {Threatens to win with d7!} exf3 34. gxf3 {Strongly threatening d7!} Rb2 $2 {[%mdl 8192] [#]} (34... Bd4+ $17 35. Kg2 Qg7) 35. d7 $1 $18 {[%mdl 512]} Qxd7 36. Qxg6+ {Precision: White = 37%, Black = 34%.} 1-0

[Event "5th Pontevedra Open 2017"]
[Site "Pontevedra"]
[Date "2017.08.13"]
[Round "8"]
[White "Burmakin, Vladimir"]
[Black "Yuffa, Daniil"]
[Result "0-1"]
[WhiteElo "2520"]
[BlackElo "2515"]
[Annotator "TA"]
[PlyCount "92"]
[EventDate "2017.??.??"]
[EventCountry "ESP"]
[SourceTitle "playchess.com"]
[Source "ChessBase"]
[SourceQuality "1"]

{[%evp 9,92,0,5,3,14,-4,-7,0,0,0,0,0,0,-27,-11,-27,-21,-35,-17,-10,-10,-16,-16,-10,-13,-14,-14,-36,-29,-22,-22,-44,-37,-43,-36,-53,-33,-50,-40,-55,-53,-116,-129,-369,-369,-369,-369,-369,-368,-368,-368,-368,-368,-450,-322,-1553,-1420,-1656,-1411,-1693,-1654,-1624,-1616,-1321,-1531,-1325,-1141,-1156,-1185,-1191,-1093,-1095,-1045,-965,-766,-817,-683,-1584,-1535,-1544,-1320,-1211,-1101,-2960,-2928]} 1. d4 Nf6 2. Nf3 e6 3. g3 b5 4. e3 (4. Bg5 Bb7 5. Nbd2 d5 6. e3 a6 7. a4 b4 8. Nb3 Nbd7 9. Na5 Qc8 10. Bxf6 Nxf6 11. c4 dxc4 12. Nxb7 Qxb7 {1-0 (30) Giri,A (2771)-L'Ami,E (2614) Reykjavik 2017}) 4... c5 $146 ({Predecessor:} 4... a6 5. Bg2 Bb7 6. O-O Be7 7. b3 O-O 8. Bb2 d6 9. Nbd2 Nbd7 10. Qe2 c5 11. Rfd1 Rc8 {0-1 (51) Li,D (2469)-Adly,A (2620) Konya 2017}) 5. Nbd2 cxd4 6. exd4 {A46: 1 d4 Nf6 2 Nf3 e6: Torre, London and Colle Systems} a6 7. Bg2 Bb7 8. O-O {The position is equal.} Be7 9. c3 O-O 10. a4 d6 11. Ne1 Bxg2 12. Kxg2 Nbd7 13. Qf3 Nb6 14. axb5 $1 axb5 15. Rxa8 Qxa8 16. Qxa8 Rxa8 17. Nd3 Nfd5 18. Kf3 f5 19. Ke2 g5 20. Nb3 Nc4 21. Nd2 Kf7 22. Kd1 h5 23. Rg1 Bf6 24. Re1 Rc8 $36 {[%mdl 2048] Black has some pressure.} 25. Nf3 {[#]} (25. h3 $15) 25... g4 $1 $17 {[%cal Rg4f3]} 26. Ng5+ $2 (26. Ng1 $17) 26... Bxg5 $1 $19 27. Bxg5 {[#]} Nxb2+ $1 {[%mdl 512]} 28. Nxb2 {And now Bd2 would win.} Nxc3+ 29. Kd2 Ne4+ 30. Rxe4 fxe4 31. Kd1 e5 32. dxe5 $2 {[#]} (32. d5) 32... d5 $1 {[%cal Bd6d5,Bd5d4][%mdl 32] Black is clearly winning.} 33. Bd2 Ke6 34. Bb4 Kxe5 35. Kd2 d4 36. Ba5 Kd5 37. Bb4 Rh8 38. Be7 Rh7 39. Bg5 Ra7 40. Kc2 Ra3 41. Nd1 Ra1 42. Bc1 b4 {[%cal Bb5b4,Bb4b3][%mdl 32]} 43. Bb2 {[#]} b3+ $1 {[%mdl 512]} 44. Kd2 (44. Kxb3 Rxd1) 44... Ra7 45. Ke2 {[#]} h4 $1 {[%cal Bh5h4,Bh4h3][%mdl 544]} 46. Kd2 (46. gxh4 Rh7) 46... h3 {Precision: White = 25%, Black = 82%.} 0-1

[Event "5th Pontevedra Open 2017"]
[Site "Pontevedra"]
[Date "2017.08.13"]
[Round "8"]
[White "Strikovic, Aleksa"]
[Black "Huerga Leache, Mikel"]
[Result "1-0"]
[WhiteElo "2500"]
[BlackElo "2446"]
[Annotator "TA"]
[PlyCount "180"]
[EventDate "2017.??.??"]
[EventCountry "ESP"]
[SourceTitle "playchess.com"]
[Source "ChessBase"]
[SourceQuality "1"]

{[%evp 12,180,13,-7,2,3,3,-1,0,0,0,3,0,0,21,19,25,20,46,24,52,0,0,23,13,0,0,0,0,0,0,0,0,0,0,0,0,0,0,0,0,0,0,0,0,0,24,24,24,24,24,30,40,40,44,53,52,0,0,0,49,19,35,58,108,33,26,26,104,105,102,95,101,100,224,224,223,223,5531,408,4206,240,239,239,260,237,236,230,639,592,5514,2408,1725,694,12845,134,141,0,0,0,0,0,12848,12848,29964,29961,29961,29960,29961,29962,29962,29956,29956,29956,29957,29956,29955,29958,29957,29958,29947,12851,29958,29959,29959,29960,29960,29960,29960,29961,29961,29962,29962,29963,29963,29964,29964,29965,29965,29965,29965,29965,29965,29967,29967,29967,29967,29969,29971,29970,29971,29972,29973,29974,29974,29975,29975,29976,29976,29977,29977,29978,29978,29978,29978,29979,29979,29980,29980,29980,29992]} 1. c4 e5 2. g3 Nf6 3. Bg2 c6 4. Nf3 e4 5. Nd4 d5 6. cxd5 Qxd5 7. Nb3 Qe5 {A20: English Opening: 1...e5} (7... Qh5 8. h3 Be7 9. Nc3 Qg6 10. d3 exd3 11. e4 O-O 12. Qxd3 Rd8 13. Qc2 Na6 14. a3 Be6 15. Be3 Bxb3 16. Qxb3 {½-½ (46) Matlakov,M (2632)-Khismatullin,D (2660) Magnitogorsk 2011}) 8. Nc3 Be7 9. d4 $146 ({Predecessor:} 9. O-O O-O 10. d3 exd3 11. Qxd3 Na6 12. Bf4 Qh5 13. h4 Bf5 14. Qe3 Rfe8 15. Bf3 {0-1 (50) Fernandes,R (2225)-Sokolin,L (2508) ICC INT 2009}) 9... exd3 $1 {The position is equal.} 10. Qxd3 O-O 11. Bf4 Qh5 12. h3 Na6 (12... Rd8 {is more complex.} 13. Qe3 Bb4 14. g4 Qg6 15. O-O Na6) 13. g4 Qg6 14. Qxg6 hxg6 15. O-O-O Nb4 16. Bd6 Bxd6 17. Rxd6 Be6 18. Nc5 Nxa2+ 19. Nxa2 Bxa2 20. b3 b6 21. Kb2 {aiming for Nd7.} bxc5 22. Kxa2 Rad8 23. Rhd1 Nd5 $1 {[%cal Rd5c3]} 24. Rxd8 Rxd8 $11 {[%mdl 4096] Endgame KRB-KRN} 25. Ka3 Re8 26. e3 Re5 27. Kb2 Kf8 28. Ra1 Nb4 29. Kc3 a6 30. Bf1 f5 31. Bxa6 f4 32. exf4 Re4 $1 33. Bc4 Rxf4 34. Ra8+ (34. Ra5 $14) 34... Ke7 35. Ra7+ Kf8 36. Kd2 (36. Ra5 $5 {[%cal Ra5c5]}) 36... Rxf2+ 37. Ke3 Rh2 38. Rf7+ (38. Kf4 $16) 38... Ke8 $14 39. Rxg7 Nd5+ (39... Rxh3+ $11 40. Ke4 Rg3) 40. Ke4 $16 Rxh3 {[%csl Gd5][%cal Rh3e3]} 41. Ke5 $1 ({Of course not} 41. Rxg6 $6 Re3+ 42. Kf5 Ne7+ 43. Kf4 Rxb3 $11) 41... Rh6 42. g5 $1 {[%cal Rg5h6]} Rh5 (42... Rh3 $16 {was necessary.}) 43. Rxg6 $18 Ne7 44. Rg7 Rh4 $2 (44... Kd8 45. Ke6 Rh3) 45. Be6 (45. g6 $142 Rg4 46. Be6 Nxg6+ 47. Kf6) 45... Rh1 (45... Kf8 $142) 46. Kd6 $2 (46. g6 Nxg6+ 47. Rxg6) 46... Rd1+ 47. Kxc5 Rg1 48. Kd6 Rd1+ {[#]} 49. Kc7 $1 {And now g6 would win.} Re1 $2 (49... Nd5+ 50. Kxc6 Ne7+ 51. Kc5 Rc1+ 52. Bc4 Kd8) 50. Bc4 Rd1 51. g6 Rg1 52. Rh7 (52. Be6 $142 Nd5+ 53. Kd6) 52... Nxg6 {[#]} 53. Rg7 $2 (53. Bf7+ $1 $18 {is the precise move to win.} Kf8 54. Bxg6 Rxg6 55. Rh3) 53... Kf8 $16 54. Rg8+ ({White has to play} 54. Rf7+ $16 Ke8 55. Rf6) 54... Ke7 $11 55. Bd3 Rg3 56. Bc2 Rc3 $2 {[%mdl 8192]} (56... Kf7 $11 57. Rxg6 Rxb3) 57. Rxg6 $18 Rxc2 58. Rxc6 {KR-KR} Rb2 59. Rc3 Ke6 60. Kc6 Ke7 61. Rd3 Rc2+ 62. Kb6 Rc8 63. Ka7 Rc7+ 64. Ka6 Rc6+ 65. Kb7 Rc5 66. Kb6 (66. Rg3 $142 Re5 67. Kc7 Rb5 68. Kc6 Rb4 69. Rg7+ Ke8 70. Rb7 Rh4 71. Rb8+ Ke7 72. b4) 66... Rc8 67. b4 {White mates.} Rb8+ 68. Ka5 Ra8+ 69. Kb5 Rb8+ 70. Kc4 Rc8+ 71. Kb3 Rb8 72. Rd4 Ke6 73. Kc4 Rc8+ 74. Kb5 Ke5 75. Rd7 Ke6 76. Rb7 Kd5 77. Kb6 Rc6+ 78. Ka5 Rc8 79. b5 {[%cal Bb4b5,Bb5b6,Bb6b7][%mdl 32]} Kc4 80. Ka6 Kc5 81. Rh7 Kd6 82. b6 Ra8+ 83. Kb7 Ra4 84. Kb8 Kc6 85. b7 Rf4 86. Rh6+ Kb5 87. Rh1 Kb6 88. Rb1+ Kc6 89. Ra1 Rf7 90. Ka8 Kd5 {Precision: White = 62%, Black = 50%.} 1-0

[Event "5th Pontevedra Open 2017"]
[Site "Pontevedra"]
[Date "2017.08.13"]
[Round "8"]
[White "Petkov, Vladimir"]
[Black "Cabezas Ayala, Ivan"]
[Result "1-0"]
[WhiteElo "2498"]
[BlackElo "2300"]
[Annotator "TA"]
[PlyCount "45"]
[EventDate "2017.??.??"]
[EventCountry "ESP"]
[SourceTitle "playchess.com"]
[Source "ChessBase"]
[SourceQuality "1"]

{[%evp 16,45,23,29,27,7,14,2,13,14,50,33,34,15,32,22,41,52,65,55,100,62,159,115,197,202,647,653,890,494,476,436]} 1. d4 Nf6 2. c4 g6 3. Nc3 Bg7 4. e4 d6 5. Nf3 O-O 6. h3 e5 7. d5 a5 8. Be3 Na6 9. g4 Nd7 {E90: King's Indian: Classical: Early deviations and 6 h3} 10. Rg1 (10. a3 Nb6 11. Rg1 Bd7 12. h4 Nc5 13. b3 Kh8 14. a4 c6 15. dxc6 Bxc6 16. Bd3 Nbd7 17. Bc2 {½-½ (40) Tomashevsky,E (2696)-Saric,I (2618) Minsk 2017}) 10... Ndc5 11. h4 c6 {The position is equal.} 12. h5 cxd5 (12... a4 $5) 13. cxd5 a4 $146 ({Predecessor:} 13... Bd7 14. a4 Rc8 15. Nd2 Qb6 16. Nb5 Bxb5 17. Bxb5 Nb4 18. Nb3 Kh8 19. Rh1 {1-0 (19) Timofeev,A (2534)-Savenkov,K (2320) Sochi 2015}) 14. Rc1 Bd7 15. Nd2 Qb8 16. Nb5 Rc8 17. a3 b6 18. Rc3 Rd8 (18... Bf8 $14) 19. Rh1 Be8 (19... Nc7 $16 20. Nxc7 Qxc7) 20. Qf3 $18 {[#] Black must now prevent hxg6.} Nc7 $2 (20... Rd7 21. hxg6 fxg6) 21. hxg6 {White is clearly winning.} hxg6 22. Nxc7 Qxc7 23. Bg5 {Precision: White = 44%, Black = 38%.} 1-0

[Event "5th Pontevedra Open 2017"]
[Site "Pontevedra"]
[Date "2017.08.13"]
[Round "8"]
[White "Pap, Misa"]
[Black "Espineira Gonzalez, Diego"]
[Result "1/2-1/2"]
[WhiteElo "2491"]
[BlackElo "2368"]
[Annotator "TA"]
[PlyCount "118"]
[EventDate "2017.??.??"]
[EventCountry "ESP"]
[SourceTitle "playchess.com"]
[Source "ChessBase"]
[SourceQuality "1"]

{[%evp 25,118,25,28,0,0,0,0,0,18,28,29,0,6,0,0,-22,-20,-23,-31,-33,-17,-12,-14,-12,-4,-22,47,51,85,58,109,18,14,14,16,12,12,13,16,0,0,0,0,0,0,0,0,0,0,0,0,0,0,0,0,0,0,0,0,0,0,0,0,0,0,0,0,0,0,0,0,0,0,0,0,0,0,0,0,0,0,0,0,0,0,0,0,0,0,0,0,0,0,0,0]} 1. e4 e6 2. d4 d5 3. Nd2 Nf6 4. e5 Nfd7 5. f4 c5 6. c3 Nc6 {[%cal Bb8c6,Bc6a5,Ba5c4][%mdl 32]} 7. Ndf3 Qb6 8. a3 cxd4 9. cxd4 Na5 {C05: French Tarrasch: 3...Nf6 4 e5 Nfd7, 5 f4 and 5 Bd3 sidelines} 10. Ne2 Qb3 11. Qd2 Nc4 12. Qc3 Qxc3+ 13. Nxc3 a6 {LiveBook: 4 Games} 14. f5 {Hoping for fxe6.} (14. b3 Na5 15. Rb1 Nb6 16. Bd3 Bd7 17. Na2 {½-½ (52) Swiercz,D (2565)-Vallejo Pons,F (2693) Plovdiv 2012}) 14... Ndb6 15. fxe6 Bxe6 16. Bd3 Be7 17. b3 Na5 $146 18. Rb1 f6 19. Ne2 O-O 20. Nf4 Bg4 {White must now prevent ...Bxf3.} 21. O-O Nc6 22. Bb2 Bxf3 23. Rxf3 fxe5 24. dxe5 Rae8 25. e6 Bg5 (25... g6 $11) 26. Rg3 $14 Rxf4 27. Rxg5 d4 {[#]} (27... g6 $14) 28. Rf5 (28. Re1 $1 $16) 28... Rxf5 $11 {The position is equal.} 29. Bxf5 g6 30. Bh3 Nd5 31. g3 Ne3 32. Re1 g5 33. Bg2 Nxg2 34. Kxg2 {[%mdl 4096] Endgame KRB-KRN} Kg7 35. Re4 Kf6 {next ...Kf5 is good for Black.} 36. Bxd4+ Kf5 37. Kf3 Nxd4+ 38. Rxd4 Rxe6 {KR-KR} 39. Rd5+ Kg6 40. Rd7 Rb6 41. b4 a5 42. Rd4 Rc6 43. Ke4 axb4 44. axb4 Rc2 45. h3 Re2+ 46. Kf3 Rb2 47. Rd6+ Kf5 48. g4+ Ke5 49. Rb6 Rb3+ 50. Kg2 Rb2+ 51. Kf1 Rb3 52. Rxb7 Rxh3 53. Rf7 h5 54. b5 hxg4 {[#] ...Rf3+ is the strong threat.} 55. b6 Rb3 56. b7 Kd6 57. Kg2 Kc6 58. Rg7 Rxb7 59. Rxb7 Kxb7 {Precision: White = 71%, Black = 73%.} 1/2-1/2

[Event "5th Pontevedra Open 2017"]
[Site "Pontevedra"]
[Date "2017.08.13"]
[Round "8"]
[White "Lazarev, Vladimir"]
[Black "Safranska, Anda"]
[Result "1-0"]
[WhiteElo "2418"]
[BlackElo "2224"]
[Annotator "TA"]
[PlyCount "53"]
[EventDate "2017.??.??"]
[EventCountry "ESP"]
[SourceTitle "playchess.com"]
[Source "ChessBase"]
[SourceQuality "1"]

{[%evp 17,53,61,71,69,89,57,68,50,70,54,160,170,179,169,179,159,212,118,270,119,259,282,262,287,281,279,404,402,410,208,393,380,426,358,366,339,504,511]} 1. d4 Nf6 2. c4 d6 3. Nf3 Nbd7 4. Nc3 e5 5. e4 Be7 6. Be2 O-O 7. O-O c6 8. Qc2 Re8 9. Rd1 Bf8 10. Be3 {A55: Old Indian Defence with Nf3 and e4} g6 11. Rac1 exd4 12. Nxd4 {White is slightly better.} a5 $146 ({Predecessor:} 12... h6 13. Nb3 Qe7 14. f3 Nc5 15. Bf4 Nxb3 16. axb3 Rd8 17. Rd3 g5 {½-½ (52) Bellon Lopez,J (2430)-Anic,D (2202) France 2001}) 13. b3 Nc5 (13... Qe7 $14) 14. Nxc6 $1 $16 bxc6 15. Bxc5 $1 Qc7 16. Bd4 Ng4 (16... Qe7 $16 17. Qd2 Bb7) 17. Qd2 (17. f4 $18) 17... f5 $2 (17... Bh6 $16 18. f4 d5) 18. f3 (18. exf5 $18 Bh6 19. f4 gxf5 20. h3) 18... Ne5 (18... Bh6 $16 {was called for.} 19. Qb2 Bxc1 20. Qxc1 (20. Rxc1 Ne5 $14) 20... Ne5) 19. f4 $18 Nf7 20. exf5 Bxf5 21. Bf3 Qd7 (21... h5 $142 22. Re1 Bg7 23. Bxg7 Kxg7) 22. h3 h5 {[#]} 23. Na4 (23. g4 $142 $1 {[%mdl 512]} hxg4 24. hxg4 Bxg4 25. Qg2) 23... Ra6 $2 (23... Rab8 {is a better defense.} 24. Re1 Bh6) 24. Re1 Nh6 25. Rxe8 Qxe8 26. Bc3 Qd8 {[#]} (26... Bg7 $142 27. Re1 Qd7 28. Bxg7 Kxg7) 27. Bxc6 $1 {[%mdl 512] Precision: White = 53%, Black = 11%.} 1-0

[Event "5th Pontevedra Open 2017"]
[Site "Pontevedra"]
[Date "2017.08.13"]
[Round "8"]
[White "Lillo Castany, Victor"]
[Black "Oratovsky, Michael"]
[Result "1/2-1/2"]
[WhiteElo "2382"]
[BlackElo "2494"]
[Annotator "TA"]
[PlyCount "52"]
[EventDate "2017.??.??"]
[EventCountry "ESP"]
[SourceTitle "playchess.com"]
[Source "ChessBase"]
[SourceQuality "1"]

{[%evp 12,52,25,22,25,24,38,52,47,36,66,47,52,50,47,54,62,50,52,0,28,0,-6,0,42,29,108,105,93,23,88,81,81,75,69,79,77,-28,131,106,107,120,127]} 1. e4 c5 2. Nf3 e6 3. d4 cxd4 4. Nxd4 a6 5. Nc3 b5 6. a3 {[%cal Ba2a3,Ba3a4][%mdl 32]} Bb7 7. g3 {LiveBook: 14 Games. B43: Sicilian: Kan Variation: 5 Nc3} (7. Bd3 Bc5 8. Nb3 Be7 9. O-O d6 10. Bd2 Nf6 11. Qf3 Nbd7 12. Qg3 h5 13. f4 h4 14. Qf3 Rc8 15. Rae1 {0-1 (33) Karttunen,M (2455)-Andreikin,D (2737) Tallinn 2016}) 7... Ne7 8. Bg2 Nbc6 9. Nb3 {White is slightly better.} d6 10. O-O Nc8 11. a4 $146 ({Predecessor:} 11. Nd4 Nxd4 12. Qxd4 Ne7 13. Bg5 h6 14. Bxe7 Qxe7 {1-0 (33) Sarbay,A-Smirnov,V (2275) Minsk 1978}) 11... b4 12. Ne2 Be7 13. a5 O-O 14. c3 {[%cal Bc2c3,Bc3d4][%mdl 32]} Rb8 15. Bd2 (15. Be3 $14) 15... Bf6 16. Ned4 N8a7 17. Qe2 d5 18. Rfd1 Nxd4 (18... bxc3 $11 {keeps the balance.} 19. Bxc3 Nxd4 20. Bxd4 Bxd4 21. Nxd4 Qf6) 19. cxd4 $16 dxe4 20. Bf4 ({Much weaker is} 20. Bxe4 $6 Bxe4 21. Qxe4 Rb5 $11) ({White should try} 20. Nc5 $16) 20... Rc8 (20... Ra8 $1 $11 {remains equal.}) 21. Nc5 Bd5 22. Qxa6 Nc6 23. Nxe4 Bxd4 24. Qd3 (24. Nd6 $16 {And now Bxd5 would win.} Ra8 25. Qb5 Bxb2 26. Bxd5 exd5 27. Qxc6 Bxa1 28. Rxa1) 24... e5 $2 {[#]} (24... Bxb2 $11 25. Ra4 Be5) 25. Bxe5 $1 {[%mdl 512]} Bxe5 (25... Nxe5 26. Qxd4) 26. Qxd5 {Nd6 is the strong threat.} Bxb2 {Precision: White = 45%, Black = 37%.} 1/2-1/2

[Event "5th Pontevedra Open 2017"]
[Site "Pontevedra"]
[Date "2017.08.13"]
[Round "8"]
[White "Ambartsumova, Karina"]
[Black "Firat, Burak"]
[Result "1/2-1/2"]
[WhiteElo "2325"]
[BlackElo "2482"]
[Annotator "TA"]
[PlyCount "49"]
[EventDate "2017.??.??"]
[EventCountry "ESP"]
[SourceTitle "playchess.com"]
[Source "ChessBase"]
[SourceQuality "1"]

{[%evp 19,49,37,58,41,49,42,86,90,175,177,283,145,136,120,121,121,119,103,113,93,87,82,90,87,168,94,95,92,91,90,92,87]} 1. e4 c5 2. Nf3 d6 3. d4 cxd4 4. Nxd4 Nf6 5. Nc3 g6 6. Be3 Bg7 7. f3 {[%cal Bf2f3,Bf3f4][%mdl 32]} a6 8. Qd2 b5 9. O-O-O {B75: Sicilian Dragon: Yugoslav Attack, Miscellaneous} (9. a4 b4 10. Nd5 Nxd5 11. exd5 Bb7 12. Bc4 Nd7 13. a5 Nf6 14. Ne2 O-O 15. Ra4 Rc8 16. b3 Rc5 17. Rxb4 Rxd5 18. Bxd5 Bxd5 {½-½ (61) Kramnik,V (2808)-Nakamura,H (2785) Stavanger 2017}) 9... Bb7 10. g4 {[%cal Bg2g4,Bg4g5][%mdl 32]} h5 {LiveBook: 3 Games} 11. g5 {White is slightly better.} Nfd7 12. f4 Qa5 $146 ({Predecessor:} 12... O-O 13. Bg2 Nb6 14. b3 N8d7 {½-½ (36) Siigur,J (2425)-Rooms,T (2351) ICCF email 2010}) 13. Kb1 Nc5 (13... Nc6 $16) 14. Bg2 $1 $18 Na4 {[#]} (14... Nbd7 {was called for.}) 15. Nd5 (15. e5 $1 $18 Nxc3+ 16. bxc3) 15... Qxd2 $16 16. Rxd2 {Black must now prevent Nc7+.} Bxd5 17. exd5 Nd7 {[%cal Bb8d7,Bd7b6,Bb6c4][%mdl 32]} 18. Re1 Ndb6 19. c3 Nc4 20. Rde2 b4 21. Bc1 {Nc6 is the strong threat.} Kf8 (21... Na3+ $16 22. bxa3 (22. Ka1 O-O $16) 22... Nxc3+ 23. Kc2 Nxe2 24. Nxe2 Rb8) 22. Rxe7 (22. Nc6 $18) 22... bxc3 {[#]White is better.} 23. b3 $1 {And now Nc6 would win.} Bxd4 24. bxc4 Nc5 25. Kc2 {Precision: White = 62%, Black = 45%.} 1/2-1/2

[Event "5th Pontevedra Open 2017"]
[Site "Pontevedra"]
[Date "2017.08.13"]
[Round "8"]
[White "Lorenzo Duran, Marcos"]
[Black "Erdogdu, Mert"]
[Result "1-0"]
[WhiteElo "2172"]
[BlackElo "2423"]
[Annotator "TA"]
[PlyCount "93"]
[EventDate "2017.??.??"]
[EventCountry "ESP"]
[SourceTitle "playchess.com"]
[Source "ChessBase"]
[SourceQuality "1"]

{[%evp 24,93,25,25,25,25,26,24,23,37,37,49,68,59,63,66,100,95,94,28,43,30,30,34,95,31,52,0,32,31,68,44,71,59,60,47,62,67,51,69,115,132,131,97,254,254,241,224,230,213,387,396,388,358,417,410,412,405,382,372,620,604,29972,29973,29973,29974,29974,29975,29974,29975,5406,2435]} 1. Nf3 Nf6 2. c4 g6 3. Nc3 Bg7 4. e4 d6 5. d4 O-O 6. Be2 e5 7. d5 a5 8. Be3 Ng4 9. Bg5 {[%cal Be3g5,Bg5h4,Bh4g3][%mdl 32]} f6 10. Bh4 Nh6 11. Nd2 Na6 12. a3 {E92: King's Indian: Classical: 6 Be2 e5: 7 dxe5, 7 Be3 and Petrosian System without 7...Nbd7} g5 13. Bg3 {LiveBook: 5 Games} f5 (13... Qe8 14. f3 Bd7 15. Bf2 a4 16. Nb5 Qe7 17. Qxa4 c6 18. Nc3 f5 19. Qc2 {½-½ (27) Bacrot,E (2731)-Relange,E (2500) Port Barcares 2005}) 14. exf5 {White has an edge.} Nxf5 15. Nde4 Bd7 16. O-O Qe7 $146 ({Find the theoretical novelty and annotate with similar games:} 16... b6 17. Rb1 Nc5 18. b4 axb4 19. axb4 Nxe4 20. Nxe4 Nd4 21. Rb2 {½-½ (21) Itkis,B (2442)-Sofronie,I (2405) Bucharest 2001}) 17. b4 Nd4 18. Rb1 axb4 19. axb4 Nxe2+ 20. Qxe2 g4 21. Rfd1 (21. b5 $16 Nc5 22. Nxc5 dxc5 23. b6) 21... h5 $11 22. h4 gxh3 $1 23. Qxh5 Rf5 (23... hxg2 $14 24. Kxg2 Qf7) 24. Qg6 (24. Qxh3 $16 {Hoping for Bh4.} Rxf2 25. Qh2) 24... Rff8 25. Qh5 ({White should play} 25. c5 $14) 25... hxg2 (25... Rf5 $5 {[%cal Rf5h5]} 26. Qxh3 Rxf2 $16) 26. Kxg2 $40 {[%mdl 128] Black needs to defend precisely.} Bf5 27. f3 (27. c5 $5) 27... Nb8 28. Bh4 Qf7 29. Qxf7+ Rxf7 30. Ra1 Rxa1 31. Rxa1 {Strongly threatening Ra7.} Na6 32. b5 Nc5 33. Ra8+ Bf8 $2 {[#]} (33... Rf8 $16 34. Rxf8+ Bxf8) 34. Nxc5 $18 dxc5 35. Ne4 Bxe4 36. fxe4 {[%mdl 4096] Endgame KRB-KRB} Kg7 $2 (36... Kh7 37. Bg3 Bd6) 37. Bg3 Bd6 38. Re8 Kf6 {[#]} 39. b6 $1 {[%mdl 512]} Rg7 (39... cxb6 40. Re6+) 40. Kf3 Kf7 41. Re6 Rg5 $2 (41... Rh7 42. Bf2 Rh3+ 43. Kg4 Rh1 44. bxc7 Bxc7 45. Bxc5 Bd8 46. Rxe5 Rc1) 42. Bh4 Rh5 43. Kg4 Rh7 44. bxc7 Bxc7 45. Re7+ Kg6 46. Rxh7 Kxh7 47. Kf5 {Precision: White = 68%, Black = 45%.} (47. Be7 $142 Ba5 48. d6) 1-0

[Event "5th Pontevedra Open 2017"]
[Site "Pontevedra"]
[Date "2017.08.13"]
[Round "8"]
[White "Lopez de Turiso, Jose Angel"]
[Black "Erdogdu, Mert"]
[Result "*"]
[WhiteElo "2035"]
[BlackElo "2423"]
[Annotator "TA"]
[PlyCount "32"]
[EventDate "2017.??.??"]
[EventCountry "ESP"]
[SourceTitle "playchess.com"]
[Source "ChessBase"]
[SourceQuality "1"]

{[%evp 24,32,26,26,24,18,29,26,50,34,35]} 1. Nf3 Nf6 2. c4 g6 3. Nc3 Bg7 4. e4 d6 5. d4 O-O 6. Be2 e5 7. d5 a5 8. Be3 Ng4 9. Bg5 {[%cal Be3g5,Bg5h4,Bh4g3][%mdl 32]} f6 10. Bh4 Nh6 11. Nd2 Na6 12. a3 {E92: King's Indian: Classical: 6 Be2 e5: 7 dxe5, 7 Be3 and Petrosian System without 7...Nbd7} g5 13. Bg3 {LiveBook: 5 Games} f5 {[#] And now ...f4 would win.} (13... Qe8 14. f3 Bd7 15. Bf2 a4 16. Nb5 Qe7 17. Qxa4 c6 18. Nc3 f5 19. Qc2 {½-½ (27) Bacrot,E (2731)-Relange,E (2500) Port Barcares 2005}) 14. exf5 Nxf5 15. Nde4 Qe7 $146 ({Find the theoretical novelty and annotate with similar games:} 15... Bd7 16. b3 Qe7 17. O-O Nd4 18. Rb1 c6 19. Bg4 Be8 20. Bh5 Bd7 21. Re1 Bf5 22. Bg4 Bg6 23. Bh5 {½-½ (23) Ordonez,F (2277)-Gonzalez,F San Felipe 2008}) 16. O-O (16. b4 $5) 16... Bd7 *